000 00482nam a2200181Ia 4500
005 20250508154029.0
008 008 250505s9999 xx 000 0 eng d
037 _aTextual
040 _aFEDL
_beng
_cFEDL
041 _aeng
_2eng
084 _a040, GAN
_qFEDL
100 _aGandhi M K
245 0 _aVillage swaraj
260 _aAhmedabad, India
_bNavajivan Publishing House
_c1962
300 _axxii,268p
942 _cTEXL
_h040, GAN
999 _c1347164
_d1347164